| 000 | 02531cas a2200625 a 4500 | ||
|---|---|---|---|
| 001 | data | ||
| 005 | 20260322212107.0 | ||
| 006 | data | ||
| 007 | data | ||
| 008 | data | ||
| 010 | _a 2010268008 | ||
| 019 |
_a1440455928 _a525604128 _a980554660 _a993933320 _a995515476 _a1099066515 _a1105248099 _a1149177001 _a1229889586 _a1297936714 _a1440455928 |
||
| 022 | 0 |
_a2995-1054 _y1539-7904 _21 |
|
| 023 | 0 | _21 | |
| 029 | 0 |
_aOCLCS _bOP-39817 |
|
| 029 | 1 |
_aAU@ _b000044928080 |
|
| 029 | 1 |
_aAU@ _b000045237481 |
|
| 029 | 1 |
_aAU@ _b000045715476 |
|
| 029 | 1 |
_aCHDSB _b006412893 |
|
| 029 | 1 |
_aNZ1 _b12251670 |
|
| 029 | 1 |
_aNZ1 _b16256123 |
|
| 029 | 1 |
_aOCLCS _b91498 |
|
| 029 | 1 |
_aAU@ _b000075727601 |
|
| 035 | _a(OCoLC)54398088 | ||
| 040 |
_aKWL _beng _cKWL _dOCLCQ _dOCLCS _dTXJ _dCUD _dNDO _dOCLCQ _dOCLCF _dOCLCQ _dWT2 _dOCLCQ _dAU@ _dVT2 _dUUM _dCLU _dOCLCQ _dSXB _dOCLCQ _dDLC _dOCLCL _dCCO _dLND _dFIE _dUEJ _dVGL _dOCLCQ |
||
| 042 |
_ansdp _ansdp |
||
| 050 | 0 | 0 | _aK23 |
| 082 | 1 | 0 |
_a341 _213 _1https://id.oclc.org/worldcat/ddc/E39rQc6jXk3fJrVgb63DqfDPpy |
| 210 | 0 |
_aSan Diego int. law j. _b(Online) |
|
| 222 | 0 |
_aSan Diego international law journal _b(Online) |
|
| 245 | 0 | 0 | _aSan Diego international law journal. |
| 246 | 1 | _aSDILJ | |
| 260 |
_aSan Diego, Calif. : _bUniversity of San Diego School of Law, _c2000- |
||
| 310 |
_aTwo issues per year, _b2004/2005- |
||
| 321 |
_aAnnual, _b2000-2004 |
||
| 336 |
_atext _btxt _2rdacontent |
||
| 337 |
_acomputer _bc _2rdamedia |
||
| 338 |
_aonline resource _bcr _2rdacarrier |
||
| 362 | 0 | _aVol. 1 (2000)- | |
| 500 | _aTitle from title screen (Hein Online, viewed Feb. 11, 2004). | ||
| 588 | 1 | _aVolume 24, Issue 2 (2023) (Digital USD, viewed October 30, 2023). | |
| 650 | 0 |
_aInternational law _vPeriodicals. |
|
| 650 | 7 |
_aInternational Law. _2ebps |
|
| 650 | 7 |
_aInternational law. _2fast _0(OCoLC)fst00976984 |
|
| 650 | 1 | 7 |
_aDroit international. _2rasuqam |
| 655 | 7 |
_aPeriodicals. _2fast _0(OCoLC)fst01411641 |
|
| 710 | 2 |
_aUniversity of San Diego. _bSchool of Law. |
|
| 776 | 0 | 8 |
_iPrint version, -2016: _tSan Diego international law journal _x1539-7904 _w(OCoLC)44268668 _w(OCoLC)44268668 |
| 859 | 4 | 0 | _uhttps://digital.sandiego.edu/ilj/ |
| 859 | 4 | 0 | _uhttp://heinonline.org/HOL/Index?index=journals/sdintl&collection=journals |
| 906 |
_a7 _bcbc _csercoop _du _encip _f20 _gn-oclcserc |
||
| 925 | 0 |
_aAcquire _xpolicy default, esb 2023-10-20 |
|
| 955 | _kxf24 2023-10-30 | ||
| 963 | _a[email protected] | ||
| 999 |
_c1584 _d1584 |
||